Justice and police / (Record no. 60048)
[ view plain ]
| 000 -LEADER | |
|---|---|
| fixed length control field | 00937nam a2200313 a 4500 |
| 001 - CONTROL NUMBER | |
| control field | 60048 |
| 003 - CONTROL NUMBER IDENTIFIER | |
| rucl marc code | BD-RjUL |
| 005 - DATE AND TIME OF LATEST TRANSACTION | |
| control field | 20211209080811.0 |
| 008 - FIXED-LENGTH DATA ELEMENTS--GENERAL INFORMATION | |
| fixed length control field | 161228s1885 enk 000 0 eng |
| 035 ## - SYSTEM CONTROL NUMBER | |
| System control number | (BD-RjUL)60172 |
| System control number | (OCoLC)05296092 |
| 040 ## - CATALOGING SOURCE | |
| Original cataloging agency | DLC |
| Transcribing agency | CLE |
| Modifying agency | MYG |
| Language of cataloging | eng |
| 041 ## - LANGUAGE CODE | |
| Language code of text/sound track or separate title | eng |
| 082 ## - DEWEY DECIMAL CLASSIFICATION NUMBER | |
| Edition number | 23 |
| Classification number | 347.42010942 |
| Author mark and year | MAJ 1885 |
| 090 ## - LOCALLY ASSIGNED LC-TYPE CALL NUMBER (OCLC); LOCAL CALL NUMBER (OCLC) | |
| Classification number (OCLC) (R) ; Classification number, CALL (RLIN) (NR) | JN795 |
| Local cutter number (OCLC) ; Book number/undivided call number, CALL (RLIN) | .M2x 1885 |
| 092 ## - LOCALLY ASSIGNED DEWEY CALL NUMBER (OCLC) | |
| Item number | 7 |
| 100 1# - MAIN ENTRY--PERSONAL NAME | |
| Personal name | Maitland, Frederic William, |
| Dates associated with a name | 1850-1906. |
| 9 (RLIN) | 177070 |
| 245 10 - TITLE STATEMENT | |
| Title | Justice and police / |
| Statement of responsibility, etc. | by F. W. Maitland. |
| 260 ## - PUBLICATION, DISTRIBUTION, ETC. (IMPRINT) | |
| Place of publication, distribution, etc. | London, |
| Name of publisher, distributor, etc. | Macmillan and co., |
| Date of publication, distribution, etc. | 1885. |
| 300 ## - PHYSICAL DESCRIPTION | |
| Pagination | viii, 173 p. ; |
| Size | 20 cm. |
| 490 1# - SERIES STATEMENT | |
| Series statement | The English citizen: his rights and responsibilities. |
| Volume/sequential designation | v. 4 |
| 650 #0 - SUBJECT ADDED ENTRY--TOPICAL TERM | |
| Topical term or geographic name as entry element | Courts |
| Geographic subdivision | Great Britain. |
| 9 (RLIN) | 178694 |
| Topical term or geographic name as entry element | Justice, Administration of |
| Geographic subdivision | Great Britain. |
| 9 (RLIN) | 178695 |
| 830 #0 - SERIES ADDED ENTRY--UNIFORM TITLE | |
| Uniform title | English citizen ; |
| Volume number/sequential designation | 4. |
| 942 ## - ADDED ENTRY ELEMENTS (KOHA) | |
| Source of classification or shelving scheme | Dewey Decimal Classification |
| Koha item type | Books |
| 946 ## - LOCAL PROCESSING INFORMATION (OCLC) | |
| a | t |
| 949 ## - LOCAL PROCESSING INFORMATION (OCLC) | |
| a | c |
| p | 39080021956401 |
| Lost status | Source of classification or shelving scheme | Damaged status | Not for loan | Collection code | Permanent Location | Current Location | Shelving location | Date acquired | Source of acquisition | Total Checkouts | Full call number | Date last seen | Copy number | Koha item type |
|---|---|---|---|---|---|---|---|---|---|---|---|---|---|---|
| Dewey Decimal Classification | Not For Loan | Non-fiction | Central Library, University of Rajshahi | Central Library, University of Rajshahi | Reading Room | 18/07/1985 | Asia Foundation | 347.42010942 MAJ 1885 | 28/12/2016 | C-1 | Books |